Managerial Economics
Kaydedildi:
| Yazar: | |
|---|---|
| Materyal Türü: | Kitap |
| Baskı/Yayın Bilgisi: |
MGH
|
| Konular: | |
| Etiketler: |
Etiket eklenmemiş, İlk siz ekleyin!
|
MARC
| LEADER | 00000nam a2200000Ia 4500 | ||
|---|---|---|---|
| 005 | 20260427112659.0 | ||
| 526 | |b Economics | ||
| 100 | |a Geetika, Ghosh & Choudhury | ||
| 020 | |a 9789387067622 | ||
| 650 | |a Managerial Economics | ||
| 526 | |a Bachelors | ||
| 942 | |c BK | ||
| 245 | |a Managerial Economics | ||
| 260 | |b MGH | ||
| 999 | |c 55 |d 55 | ||
| 952 | |0 0 |1 0 |4 0 |7 0 |8 1 |a BRISTOL |b BRISTOL |d 2026-04-22 |l 0 |p 000005 |r 2026-04-27 11:27:00 |w 2026-04-27 |y BK | ||